| 000 | 00570nam a2200205Ia 4500 | ||
|---|---|---|---|
| 005 | 20250523115528.0 | ||
| 008 | 131103s9999 xx 000 0 und d | ||
| 020 |
_a8172732546 _cRs 500.00 |
||
| 040 | _aLoreto College | ||
| 041 | _aEnglish | ||
| 082 |
_a907 _bRAO |
||
| 100 | _aRao, Raghunath | ||
| 245 |
_alearn and teach history _b Based on UNESCO'S ICT Initiatives _cRaghunath Rao |
||
| 260 |
_aNew Delhi _bAuthorspress _c2005 |
||
| 300 | _av. | ||
| 504 | _aIncludes index and bibliographical reference | ||
| 650 | _aHistory | ||
| 850 | _aLCBED | ||
| 942 | _cBK | ||
| 999 |
_c37308 _d87787 |
||